000 00923nam a22003017a 4500
001 000438
003 DO-SdBNP
005 20171113131208.0
007 000438
008 160803b 1996 xxu a ||||| |||| 00| 0 spa d
020 _a0030182042
040 _aBPMSU
_bspa
_cBPMSU
041 _a
082 4 _a657
_bP844f
100 1 _aPorter, Gary A.,
_d1950-
245 1 0 _aFinancial accounting :
_bthe impact on decision makers /
_cGary A. Porter, Curtis L. Norton.
260 _aFort Worth, Texas :
_bDryden Press,
_c1996.
300 _axxix, 860 p.
_bil. ;
_c26 cm.
490 1 _aDryden series in accounting.
500 _aAlternate edition
650 4 _aCONTABILIDAD
700 1 _aNorton, Curtis L.
830 0 _aDryden series in accounting.
910 _aValidado. Control de calidad MFF
942 _2ddc
_cBK
945 _aIvnentariado extranjero / 2017 VM
956 _2LOPEREZ
_310
_620160803
_8BPMSU
_a00041
999 _c11088
_d11088